Gaming Quiz

Random Gaming or Numbers Quiz

IGN's Top 100 Videogame Villains Quiz Stats

 Plays Quiz not verified by Sporcle

Challenge
Share
Tweet
Embed
Score 0/100 Timer 15:00
0 Plays Today
Number Villain % Correct
2Bowser
95.8%
3Ganondorf
86.8%
7Pac-Man Ghosts
78.4%
6Nazis
69.7%
11Dr. Robotnik
67.8%
12Mike Tyson
67.3%
4Sephiroth
67%
1GlaDOS
66.5%
20Joker
63.9%
5Donkey Kong
63.1%
13Dr. Wily
54.1%
25Darth Vader
53.6%
9Mother Brain
53.6%
49Zeus
52.5%
53Liquid Snake
51.5%
16Space Invaders Aliens
50.7%
37Lich King
50.1%
19M. Bison
49.1%
56Zombies
48.8%
23Dracula
47.8%
50Team Rocket
46.4%
100Mario
45.6%
32Big Boss
44.3%
14Albert Wesker
43.5%
55Ares
41.2%
18Kefka
40.6%
98Gary Oak
40.1%
28Revolver Ocelot
38.5%
31Wario
37.2%
62Carmen Sandiego
35.4%
26Covenant
35.4%
8Psycho Mantis
35.4%
61Predator
34%
74Diablo
33.5%
Number Villain % Correct
10Andrew Ryan
33.5%
70Gruntilda
30.3%
45Flood
29%
97Shang Tsung
28.2%
75Lavos
28.2%
59Nemesis
27.7%
67Goro
26.9%
72Tom Nook
25.9%
15Great Mighty Poo
25.1%
58Frank Fontaine
24.8%
52Magus
24.8%
21Mecha-Hitler
23.7%
17Kerrigan
21.6%
85Sub Zero
21.4%
92Sniper Wolf
21.1%
51Tank
20.8%
43Akuma
20.6%
34Kain
20.6%
57Origami Killer
20.1%
24LeChuck
20.1%
29Saren
19.8%
33Darth Malak
19.5%
64King Hippo
18.7%
87Officer Tenpenny
17.4%
66Kane
17.2%
82Purple Tentacle
16.9%
77Shadow Link
16.9%
91Seifer
15.3%
65Dr. Nefarious
14.8%
88Dark Samus
14.5%
41Arthas
14.5%
22Combine Soldiers
14.5%
60Prophet of Truth
14%
42Sinistar
14%
Number Villain % Correct
73Alma
13.2%
48Geth
12.9%
84Cronos
12.7%
69Cyberdemon
12.4%
39Harbinger
12.4%
79Jafar
12.1%
47SHODAN
12.1%
36Dormin
12.1%
94Lance Vance
11.6%
54Captain Qwark
11.1%
30Ultros
10.3%
44Kessler
9.8%
27Dr. Breen
9.2%
68Calypso
9%
46Grue
9%
35John Henry Eden
9%
38Bob the Killer Goldfish
8.7%
81Psy-Crow
8.4%
40Sofia Lamb
8.4%
89Sander Cohen
7.9%
90Dagoth Ur
6.6%
83Death Adder
6.6%
76Red Falcon
6.1%
99Coily
5%
78Evil Otto
4.2%
63Master-D
4%
93Singe
3.4%
86Jacqueline Natla
3.4%
96Adrian Ripburger
2.9%
71Dark Falz
2.6%
95Captain Onishima
1.3%
80Bydo
1.1%

You're not logged in!

Compare scores with friends on all Sporcle quizzes.
OR
Log In

You Might Also Like...

Show Comments

Extras

Top Quizzes Today


Score Distribution

Your Account Isn't Verified!

In order to create a playlist on Sporcle, you need to verify the email address you used during registration. Go to your Sporcle Settings to finish the process.

Report this User

Report this user for behavior that violates our Community Guidelines.

Details: